[Event "Thüringenliga 2015/2016"]
[Site "?"]
[Date "2016.03.13"]
[Round "7"]
[White "Bunke, Wilfried"]
[Black "Troyke, Doreen"]
[Result "1/2-1/2"]
[WhiteElo "1910"]
[BlackElo "2013"]
[PlyCount "71"]
[EventDate "2016.??.??"]
[WhiteTeam "SV Schott Jena"]
[BlackTeam "Erfurter Schachklub"]

1. d4 d5 2. c4 e6 3. Nc3 Nf6 4. Bg5 Be7 5. e3 O-O 6. cxd5 exd5 7. Bd3 c6 8. Qc2
h6 9. Bh4 Be6 10. Nf3 Nbd7 11. O-O Rc8 12. Rac1 Re8 13. Qb1 Qa5 14. h3 a6 15.
Nd2 Ne4 16. Nb3 Nxc3 17. Rxc3 Qb6 18. Bxe7 Rxe7 19. Nc5 Nxc5 20. Rxc5 Qd8 21.
Rfc1 Rec7 22. R5c3 Qg5 23. Kh2 Qe7 24. b4 g5 25. a3 g4 26. Bf5 gxh3 27. gxh3
Kh8 28. Rg1 Qd6+ 29. Kh1 Re7 30. Rcc1 Rg8 31. Rxg8+ Kxg8 32. Rg1+ Kh8 33. Rg3
Re8 34. Bxe6 Qxe6 35. Qd1 Rg8 36. Rxg8+ 1/2-1/2

[Event "Thüringenliga 2015/2016"]
[Site "?"]
[Date "2016.03.13"]
[Round "7"]
[White "Albrecht, Ulrich"]
[Black "Schmidt, Lothar"]
[Result "1/2-1/2"]
[WhiteElo "2009"]
[BlackElo "1855"]
[PlyCount "35"]
[EventDate "2016.??.??"]
[WhiteTeam "Erfurter Schachklub"]
[BlackTeam "SV Schott Jena"]

1. d4 g6 2. Nf3 Bg7 3. c4 f5 4. Nc3 Nf6 5. g3 d6 6. Bg2 c6 7. O-O O-O 8. Re1
Nh5 9. h3 Qc7 10. e4 e6 11. exf5 exf5 12. b3 a5 13. Ba3 Bf6 14. Qd2 Na6 15.
Rad1 Bd7 16. d5 c5 17. Bb2 Qd8 18. Ne2 1/2-1/2

[Event "Thüringenliga 2015/2016"]
[Site "?"]
[Date "2016.03.13"]
[Round "7"]
[White "Monossova, Maria"]
[Black "Friedt, Marius"]
[Result "0-1"]
[WhiteElo "1590"]
[BlackElo "1868"]
[PlyCount "54"]
[EventDate "2016.??.??"]
[WhiteTeam "SV Schott Jena"]
[BlackTeam "Erfurter Schachklub"]

1. d4 Nf6 2. Nf3 e6 3. e3 b6 4. b3 Bb7 5. Be2 Be7 6. O-O O-O 7. Bb2 Ne4 8. Bd3
d6 9. Nbd2 f5 10. Bc4 d5 11. Bd3 Nd7 12. Rc1 g5 13. h3 Qe8 14. c4 Rc8 15. Nb1
h5 16. cxd5 Bxd5 17. Bc4 g4 18. hxg4 hxg4 19. Bxd5 exd5 20. Ne1 Qh5 21. Nd3 Bd6
22. Nf4 Bxf4 23. exf4 Rf7 24. Re1 Rh7 25. Kf1 Qh1+ 26. Ke2 Qxg2 27. Kd3 Nxf2+
0-1

[Event "Thüringenliga 2015/2016"]
[Site "?"]
[Date "2016.03.13"]
[Round "7"]
[White "Kosev, Momchil"]
[Black "Werner, Martin"]
[Result "1-0"]
[WhiteElo "1630"]
[BlackElo "1473"]
[PlyCount "120"]
[EventDate "2016.??.??"]
[WhiteTeam "Erfurter Schachklub"]
[BlackTeam "SV Schott Jena"]

1. c4 c5 2. Nc3 Nc6 3. g3 Nf6 4. Bg2 g6 5. Nf3 Bg7 6. O-O O-O 7. d3 d6 8. Bd2
Bd7 9. a3 a5 10. Rb1 Qc8 11. Ne1 Bh3 12. Nc2 Bxg2 13. Kxg2 h5 14. Bg5 Nh7 15.
Qd2 Nxg5 16. Qxg5 Bf6 17. Qf4 Ne5 18. Nd5 Qg4 19. Qxf6 exf6 20. Nxf6+ Kg7 21.
Nxg4 Nxg4 22. h3 Ne5 23. Ne3 Rab8 24. b4 b6 25. Rfc1 Rfe8 26. Nd5 Nd7 27. Kf1
Nf6 28. Nc3 Kh6 29. bxa5 bxa5 30. Nb5 Rb6 31. Nc3 Reb8 32. Rb5 Rxb5 33. Nxb5
Rb6 34. a4 Kg5 35. f4+ Kf5 36. Rb1 Nd7 37. e4+ Kf6 38. h4 Ke7 39. Ke2 Nf8 40.
Kd2 Ne6 41. Kc2 Nd4+ 42. Nxd4 Rxb1 43. Nc6+ Kd7 44. Kxb1 Kxc6 45. Kc2 f6 46.
Kc3 Kd7 47. d4 Ke6 48. Kd3 Ke7 49. e5 f5 50. exd6+ Kxd6 51. dxc5+ Kxc5 52. Kc3
Kd6 53. Kd4 Kc6 54. c5 Kd7 55. Kd5 Kc7 56. c6 Kc8 57. Kd6 Kd8 58. c7+ Kc8 59.
Kc6 g5 60. hxg5 h4 1-0

[Event "Thüringenliga 2015/2016"]
[Site "?"]
[Date "2016.03.13"]
[Round "7"]
[White "Darr, Sascha"]
[Black "Wehner, Janis"]
[Result "1/2-1/2"]
[WhiteElo "2066"]
[BlackElo "2157"]
[PlyCount "42"]
[EventDate "2016.??.??"]
[WhiteTeam "SV Jenapharm Jena"]
[BlackTeam "SV Medizin Erfurt"]

1. e4 c5 2. Nf3 Nc6 3. Bb5 g6 4. O-O Bg7 5. c3 Nf6 6. Re1 O-O 7. h3 d5 8. e5
Ne8 9. d4 cxd4 10. cxd4 Nc7 11. Bf1 f6 12. Nc3 Ne6 13. exf6 Bxf6 14. Be3 Bg7
15. Rc1 Kh8 16. g3 Rxf3 17. Qxf3 Nexd4 18. Qxd5 Qxd5 19. Nxd5 Nf3+ 20. Kg2
Nxe1+ 21. Rxe1 Bf5 1/2-1/2

[Event "Thüringenliga 2015/2016"]
[Site "?"]
[Date "2016.03.13"]
[Round "7"]
[White "Hausknecht, Matthias"]
[Black "August, Daniel"]
[Result "1-0"]
[WhiteElo "2113"]
[BlackElo "2025"]
[PlyCount "97"]
[EventDate "2016.??.??"]
[WhiteTeam "SV Medizin Erfurt"]
[BlackTeam "SV Jenapharm Jena"]

1. e4 d6 2. d4 Nf6 3. Nc3 e5 4. Nf3 Nbd7 5. Bc4 Be7 6. O-O O-O 7. Qe2 exd4 8.
Nxd4 Ne5 9. Bb3 c5 10. Nf5 Bxf5 11. exf5 Re8 12. f4 Nc6 13. Qc4 Rf8 14. Nd5 a6
15. c3 Na5 16. Qd3 Nxb3 17. axb3 Nxd5 18. Qxd5 Qc7 19. Be3 Rfe8 20. Rfd1 Rad8
21. Rd3 Rc8 22. Kf2 Qc6 23. g4 b5 24. g5 Qxd5 25. Rxd5 Rc6 26. Kf3 f6 27. h4
Kf7 28. Bf2 Ra8 29. Be1 a5 30. Ra2 Rca6 31. Rd1 Bd8 32. Bf2 Be7 33. Ke4 Rc8 34.
Rda1 Bd8 35. Re1 Rcc6 36. Re2 Rc7 37. Kd5 Be7 38. Ra1 Rb7 39. Rae1 a4 40. g6+
hxg6 41. fxg6+ Kf8 42. f5 axb3 43. h5 Raa7 44. Bg3 Rd7 45. Rxe7 Rxe7 46. Bxd6
b4 47. Rxe7 Rxe7 48. cxb4 c4 49. Kxc4 1-0

[Event "Thüringenliga 2015/2016"]
[Site "?"]
[Date "2016.03.13"]
[Round "7"]
[White "Wicklein, Stefan"]
[Black "Nguyen, Huy Dat"]
[Result "1/2-1/2"]
[WhiteElo "1952"]
[BlackElo "2082"]
[PlyCount "243"]
[EventDate "2016.??.??"]
[WhiteTeam "SV Jenapharm Jena"]
[BlackTeam "SV Medizin Erfurt"]

1. d4 Nf6 2. c4 e6 3. g3 Bb4+ 4. Bd2 Be7 5. Bg2 O-O 6. Nf3 d5 7. Qc2 c6 8. O-O
dxc4 9. Qxc4 b5 10. Qd3 Bb7 11. Bg5 Na6 12. Nbd2 Qb6 13. Rac1 Rfd8 14. Qb1 h6
15. Bxf6 Bxf6 16. Nb3 Rac8 17. Qc2 Be7 18. Nc5 Nxc5 19. dxc5 Qa5 20. a3 Rd5 21.
Qc3 Qxc3 22. Rxc3 Rxc5 23. Rxc5 Bxc5 24. Rc1 Be7 25. Ne5 Bf6 26. Nxc6 Bxc6 27.
Rxc6 Rxc6 28. Bxc6 Bxb2 29. Bxb5 Bxa3 30. g4 Kf8 31. h4 a5 32. Kf1 Bb4 33. e4
Ke7 34. Ke2 Kd6 35. f4 e5 36. fxe5+ Kxe5 37. Be8 Kxe4 38. Bxf7 Be7 39. h5 Bg5
40. Be8 Kd4 41. Kd1 Kc3 42. Bd7 Kb3 43. Be6+ Kb2 44. Bd7 Kb1 45. Be8 Bc1 46.
Bd7 Ba3 47. Be8 Kb2 48. Kd2 Bb4+ 49. Kd1 Kb3 50. Kc1 a4 51. Kb1 a3 52. Bf7+ Kc3
53. Ka2 Kc2 54. Be6 Kc1 55. Bf5 Kd2 56. Bc8 Ke3 57. Bd7 Kf4 58. Bc8 Kg5 59. Bd7
Bf8 60. Bc8 g6 61. hxg6 Kxg6 62. Bd7 Kg5 63. Bc8 Kf6 64. Bd7 Ke5 65. Bc8 Kd6
66. Bf5 Kc7 67. Kb3 Kc6 68. Ka2 Kd5 69. Bc8 Kd6 70. Bf5 Ke5 71. Bc8 Kf6 72. Kb3
Ke7 73. Ka2 Kf7 74. Kb3 Kg6 75. Ka2 Kg5 76. Bd7 Kh4 77. Bc8 Kg3 78. Bd7 Be7 79.
Bc8 Kf4 80. Bd7 Ke5 81. Bc8 Kd6 82. Kb3 Kd5 83. Ka2 Kc4 84. Bd7 Kb4 85. Bc8 Bf6
86. Bd7 Bb2 87. Bc8 Kc4 88. Bd7 Kd5 89. Bc8 Kc6 90. Bf5 Kc7 91. Kb3 Kd6 92. Ka2
Ke7 93. Bc8 Ke8 94. Bf5 Kf8 95. Bc8 Kf7 96. Bf5 Kf6 97. Bc8 Bc1 98. Bd7 Ke7 99.
Bc8 Kd6 100. Bf5 Bb2 101. Bc8 Ke5 102. Bd7 Bc1 103. Bc8 Kf4 104. Bd7 Kg3 105.
Bc8 Kh4 106. Bd7 Kg5 107. Bc8 Kf6 108. Bd7 Kg6 109. Bf5+ Kg5 110. Bc8 h5 111.
gxh5 Bb2 112. Bd7 Kxh5 113. Bc6 Kg5 114. Bh1 Kf4 115. Ba8 Ke3 116. Bh1 Kd2 117.
Ba8 Kc2 118. Bh1 Ba1 119. Kxa1 Kb3 120. Bd5+ Kc3 121. Ka2 Kd4 122. Kxa3 1/2-1/2

[Event "Thüringenliga 2015/2016"]
[Site "?"]
[Date "2016.03.13"]
[Round "7"]
[White "Vater, Rainer"]
[Black "Reichel, Norbert"]
[Result "1/2-1/2"]
[WhiteElo "1904"]
[BlackElo "2040"]
[PlyCount "44"]
[EventDate "2016.??.??"]
[WhiteTeam "SV Jenapharm Jena"]
[BlackTeam "SV Medizin Erfurt"]

1. e4 c5 2. Nc3 Nc6 3. g3 g6 4. d3 Bg7 5. Be3 d6 6. Bg2 Qa5 7. Qd2 Nd4 8. f4
Nh6 9. h3 f5 10. Nf3 O-O 11. O-O e6 12. Ng5 Rb8 13. a4 a6 14. Qf2 Qc7 15. Rab1
Nc6 16. Kh1 b5 17. axb5 axb5 18. Ne2 Nf7 19. Nxf7 Rxf7 20. exf5 gxf5 21. g4 Bb7
22. g5 Ne7 1/2-1/2

[Event "Thüringenliga 2015/2016"]
[Site "?"]
[Date "2016.03.13"]
[Round "7"]
[White "Müller-Ludwig, Kristin"]
[Black "Rauhut, Frank"]
[Result "1-0"]
[WhiteElo "1935"]
[BlackElo "1890"]
[PlyCount "41"]
[EventDate "2016.??.??"]
[WhiteTeam "SV Medizin Erfurt"]
[BlackTeam "SV Jenapharm Jena"]

1. e4 g6 2. d4 Bg7 3. Nf3 c5 4. dxc5 Na6 5. Bxa6 bxa6 6. Qd5 Rb8 7. Ne5 e6 8.
Qd6 Bb7 9. Nd2 Rc8 10. b4 Qc7 11. Qxc7 Rxc7 12. Bb2 Nf6 13. f3 d5 14. cxd6 Rxc2
15. Nec4 Nh5 16. Bxg7 Nxg7 17. Ke2 Rc3 18. Rhc1 Rxc1 19. Rxc1 O-O 20. Na5 Bc8
21. Rc7 1-0

[Event "Thüringenliga 2015/2016"]
[Site "?"]
[Date "2016.03.13"]
[Round "7"]
[White "Jung, Florian"]
[Black "Jakob, Matthias"]
[Result "1/2-1/2"]
[WhiteElo "1857"]
[BlackElo "1952"]
[PlyCount "29"]
[EventDate "2016.??.??"]
[WhiteTeam "SV Jenapharm Jena"]
[BlackTeam "SV Medizin Erfurt"]

1. e4 Nc6 2. Nc3 g6 3. d4 d6 4. f4 Bg7 5. Be3 Nf6 6. Be2 O-O 7. Bf3 a6 8. e5
Ne8 9. Nge2 e6 10. a3 Ne7 11. g4 f6 12. exd6 Nxd6 13. Qd3 Rb8 14. O-O-O b5 15.
h4 1/2-1/2

[Event "Thüringenliga 2015/2016"]
[Site "?"]
[Date "2016.03.13"]
[Round "7"]
[White "Siebarth, Raiko"]
[Black "Neidig, Stefan"]
[Result "1/2-1/2"]
[WhiteElo "2205"]
[BlackElo "2172"]
[PlyCount "52"]
[EventDate "2016.??.??"]
[WhiteTeam "SG Blau-Weiß Stadtilm"]
[BlackTeam "TSG Apolda"]

1. e4 d6 2. Nc3 c6 3. f4 g6 4. Nf3 Bg7 5. a3 Nf6 6. d4 O-O 7. Bd3 Nbd7 8. O-O
e5 9. Kh1 exd4 10. Nxd4 Nc5 11. f5 Nxd3 12. cxd3 h6 13. Bd2 Kh7 14. Rb1 Qe7 15.
Qf3 Bd7 16. Rbe1 Rae8 17. Nc2 gxf5 18. exf5 Qd8 19. Ne4 d5 20. Nxf6+ Bxf6 21.
Qh5 Bg5 22. Bb4 Rxe1 23. Nxe1 Be7 24. Bd2 Bg5 25. Bb4 Be7 26. Bd2 Bg5 1/2-1/2

[Event "Thüringenliga 2015/2016"]
[Site "?"]
[Date "2016.03.13"]
[Round "7"]
[White "Middelhoff, Cornelius"]
[Black "Schneider, Christian"]
[Result "1/2-1/2"]
[WhiteElo "2116"]
[BlackElo "2181"]
[PlyCount "132"]
[EventDate "2016.??.??"]
[WhiteTeam "TSG Apolda"]
[BlackTeam "SG Blau-Weiß Stadtilm"]

1. d4 Nf6 2. c4 e6 3. g3 d5 4. Bg2 Be7 5. Nf3 O-O 6. O-O dxc4 7. Qc2 a6 8. a4
Bd7 9. Ne5 Bc6 10. Nxc6 Nxc6 11. Bxc6 bxc6 12. Qxc4 Qd5 13. Na3 Rfb8 14. Rd1
Rb4 15. Qxd5 cxd5 16. Nc2 Rb3 17. Ne1 Nd7 18. Nd3 c5 19. dxc5 Nxc5 20. Nxc5
Bxc5 21. Rd3 Rxd3 22. exd3 Rb8 23. Kf1 f5 24. f4 h5 25. Rb1 Rb3 26. Ke2 Bd4 27.
Be3 Rxb2+ 28. Rxb2 Bxb2 29. d4 h4 30. gxh4 Kh7 31. Kf3 Kg6 32. Kg3 Kh5 33. Bf2
Ba3 34. Kf3 Bb4 35. Bg3 Be7 36. Be1 Bf6 37. Bf2 g6 38. h3 Bxh4 39. Be3 Be7 40.
Bf2 g5 41. fxg5 Bxg5 42. Bg3 Bf6 43. Bf2 Kg5 44. Kg3 f4+ 45. Kf3 Kf5 46. h4 e5
47. dxe5 Bxe5 48. Be1 d4 49. Bd2 d3 50. h5 Kg5 51. h6 Kxh6 52. Ke4 Kh5 53. Kxd3
Kg4 54. Ke2 Kg3 55. Kf1 Bd4 56. Ke2 f3+ 57. Kf1 Bb6 58. Be1+ Kf4 59. Bf2 Bd8
60. Bc5 Ke4 61. Ba7 a5 62. Ke1 Bh4+ 63. Bf2 Bf6 64. Bb6 Bc3+ 65. Kf2 Bd2 66.
Bc5 Bb4 1/2-1/2

[Event "Thüringenliga 2015/2016"]
[Site "?"]
[Date "2016.03.13"]
[Round "7"]
[White "Neubauer, Andreas"]
[Black "Goemann, Jens"]
[Result "1/2-1/2"]
[WhiteElo "2056"]
[BlackElo "2073"]
[PlyCount "120"]
[EventDate "2016.??.??"]
[WhiteTeam "SG Blau-Weiß Stadtilm"]
[BlackTeam "TSG Apolda"]

1. d4 Nf6 2. c4 g6 3. g3 Bg7 4. Bg2 O-O 5. Nc3 d6 6. e4 e5 7. Nge2 c6 8. O-O
exd4 9. Nxd4 Re8 10. Bf4 Na6 11. Qd2 Nc5 12. Rfe1 Ne6 13. Nxe6 Bxe6 14. Rad1
Bxc4 15. Bxd6 Qd7 16. b3 Be6 17. Qc2 Red8 18. Na4 Qc8 19. Nc5 Ne8 20. e5 Bg4
21. f3 Bf5 22. Qc4 Nc7 23. f4 Ne6 24. Ne4 Bxe4 25. Qxe4 Bf8 26. Bh3 Re8 27. Qe3
Bh6 28. Rd3 Qd8 29. Bf8 Bxf8 30. Rxd8 Bc5 31. Rxa8 Bxe3+ 32. Rxe3 Rxa8 33. Bxe6
fxe6 34. Rd3 a5 35. Rd7 b5 36. Kf2 a4 37. b4 c5 38. bxc5 Rc8 39. Rb7 Rxc5 40.
Ke3 Rc2 41. Rxb5 Rxa2 42. Ra5 a3 43. Kf3 h5 44. f5 gxf5 45. Kf4 Rxh2 46. Rxa3
h4 47. gxh4 Rxh4+ 48. Kg5 Rb4 49. Kg6 Kf8 50. Kf6 Kg8 51. Kxe6 f4 52. Kf6 Rb8
53. Rf3 Rf8+ 54. Ke7 Kg7 55. Rf1 Rf7+ 56. Kd6 f3 57. e6 Ra7 58. Rxf3 Ra6+ 59.
Kd7 Ra7+ 60. Kd6 Ra6+ 1/2-1/2

[Event "Thüringenliga 2015/2016"]
[Site "?"]
[Date "2016.03.13"]
[Round "7"]
[White "Rohmeiß, Roberto"]
[Black "George, Tom"]
[Result "1/2-1/2"]
[WhiteElo "1973"]
[BlackElo "2044"]
[PlyCount "26"]
[EventDate "2016.??.??"]
[WhiteTeam "TSG Apolda"]
[BlackTeam "SG Blau-Weiß Stadtilm"]

1. d4 Nf6 2. Nf3 e6 3. c4 b6 4. g3 Bb7 5. Bg2 c5 6. O-O Be7 7. Nc3 O-O 8. d5
exd5 9. cxd5 d6 10. a4 Na6 11. Nd2 Nb4 12. Nc4 Ba6 13. b3 Ne8 1/2-1/2

[Event "Thüringenliga 2015/2016"]
[Site "?"]
[Date "2016.03.13"]
[Round "7"]
[White "Siebarth, Marco"]
[Black "Carnot, Luca"]
[Result "1-0"]
[WhiteElo "1953"]
[BlackElo "1801"]
[PlyCount "67"]
[EventDate "2016.??.??"]
[WhiteTeam "SG Blau-Weiß Stadtilm"]
[BlackTeam "TSG Apolda"]

1. e4 c5 2. Nf3 Nc6 3. d4 cxd4 4. Nxd4 g6 5. Nc3 Bg7 6. Nde2 Nf6 7. g3 O-O 8.
Bg2 d6 9. O-O Ne5 10. h3 Be6 11. f4 Nc6 12. Be3 Qc8 13. Kh2 Bc4 14. Re1 Rd8 15.
Qd2 e6 16. Rac1 d5 17. e5 Nd7 18. Nd4 Nxd4 19. Bxd4 Bf8 20. Qf2 b6 21. g4 Bh6
22. Rcd1 Qb8 23. f5 Bg7 24. Qf4 Qc7 25. Rd2 Rac8 26. Rf2 Nc5 27. h4 Qd7 28. b3
Ba6 29. h5 gxf5 30. h6 Bf8 31. gxf5 Ne4 32. Bxe4 dxe4 33. Qg5+ Kh8 34. Qf6+ 1-0

[Event "Thüringenliga 2015/2016"]
[Site "?"]
[Date "2016.03.13"]
[Round "7"]
[White "Maiwald, Harald"]
[Black "Berner, Stephan"]
[Result "1/2-1/2"]
[WhiteElo "1989"]
[BlackElo "1865"]
[PlyCount "70"]
[EventDate "2016.??.??"]
[WhiteTeam "TSG Apolda"]
[BlackTeam "SG Blau-Weiß Stadtilm"]

1. Nf3 Nf6 2. g3 g6 3. Bg2 Bg7 4. O-O O-O 5. d4 d6 6. c4 Nc6 7. Nc3 a6 8. h3
Rb8 9. e4 Na5 10. Qe2 b5 11. e5 Ne8 12. cxb5 axb5 13. Bg5 f6 14. exd6 Nxd6 15.
Bf4 e6 16. Rac1 g5 17. Bxd6 cxd6 18. Nxb5 Re8 19. Nd2 d5 20. b4 Ba6 21. a4 Nb7
22. Rc6 Bxb5 23. Qxb5 Nd6 24. Qc5 Bf8 25. Qc3 Qd7 26. b5 Qa7 27. Ra6 Qd7 28.
Rc1 Rec8 29. Rc6 Rxc6 30. Qxc6 Qa7 31. Nb3 Rc8 32. Qa6 Qxa6 33. bxa6 Rxc1+ 34.
Nxc1 Nc8 35. Bf1 Kf7 1/2-1/2

[Event "Thüringenliga 2015/2016"]
[Site "?"]
[Date "2016.03.13"]
[Round "7"]
[White "Schröter, Maik"]
[Black "Schmidt, Matthias"]
[Result "1/2-1/2"]
[WhiteElo "1790"]
[BlackElo "1946"]
[PlyCount "39"]
[EventDate "2016.??.??"]
[WhiteTeam "SG Blau-Weiß Stadtilm"]
[BlackTeam "TSG Apolda"]

1. e4 c5 2. Nc3 Nc6 3. Nge2 g6 4. g3 Bg7 5. Bg2 e6 6. d3 Nge7 7. h4 a6 8. h5
Nd4 9. f4 d6 10. h6 Bf6 11. g4 Nec6 12. g5 Be7 13. Qd2 e5 14. Nxd4 Nxd4 15.
fxe5 Ne6 16. exd6 Qxd6 17. Qf2 O-O 18. Nd5 Bxg5 19. Bxg5 Nxg5 20. Qf6 1/2-1/2

[Event "Thüringenliga 2015/2016"]
[Site "?"]
[Date "2016.03.13"]
[Round "7"]
[White "Pähtz, Thomas"]
[Black "Welde, Kevin"]
[Result "1-0"]
[WhiteElo "2302"]
[BlackElo "1933"]
[PlyCount "49"]
[EventDate "2016.??.??"]
[WhiteTeam "Ilmenauer SV"]
[BlackTeam "VfL 1990 Gera"]

1. e4 c5 2. Nf3 e6 3. d4 cxd4 4. Nxd4 Nf6 5. Nc3 a6 6. e5 Ng8 7. Bd3 Qc7 8. Qe2
Bc5 9. Nb3 Bb4 10. Bd2 Nc6 11. f4 Nge7 12. Ne4 d5 13. Bxb4 Nxb4 14. Nd6+ Kf8
15. Nd4 g6 16. c3 Nbc6 17. Nxc6 bxc6 18. O-O a5 19. Kh1 Rb8 20. Qf2 Bd7 21. Qh4
Ng8 22. g4 Qd8 23. Qxd8+ Rxd8 24. f5 Ne7 25. fxg6 1-0

[Event "Thüringenliga 2015/2016"]
[Site "?"]
[Date "2016.03.13"]
[Round "7"]
[White "Seidens, Gunter"]
[Black "Zehnter, Sebastian"]
[Result "1/2-1/2"]
[WhiteElo "1826"]
[BlackElo "2196"]
[PlyCount "128"]
[EventDate "2016.??.??"]
[WhiteTeam "VfL 1990 Gera"]
[BlackTeam "Ilmenauer SV"]

1. e4 c5 2. c4 g6 3. Nc3 Bg7 4. g3 Nc6 5. Bg2 d6 6. Nge2 Bd7 7. O-O Qc8 8. d3
h5 9. h4 Nh6 10. Nd5 Rb8 11. Rb1 e6 12. Ndc3 a6 13. Bf4 Qc7 14. Qd2 b5 15. b3
b4 16. Nd1 Ng4 17. f3 Nge5 18. Nf2 Qb6 19. Bg5 a5 20. Rbe1 f6 21. Be3 Nd4 22.
Bxd4 cxd4 23. f4 Nc6 24. f5 Bh6 25. Qd1 e5 26. fxg6 Ne7 27. Nc1 Bxc1 28. g7 Rh7
29. Qxc1 Kf7 30. Nh3 Kxg7 31. Rf2 Bxh3 32. Bxh3 Rh6 33. Ref1 Rf8 34. Kh2 Qc5
35. Be6 Rg6 36. Bf5 Rh6 37. Rf3 Qc7 38. Qd2 Rf7 39. Rg1 Nxf5 40. Rxf5 Qe7 41.
Qe2 Qe6 42. Rg2 Kg8 43. Rgf2 Rfh7 44. Qf3 Kg7 45. Qd1 Rh8 46. Qd2 Rg6 47. a3
Rb8 48. axb4 Rxb4 49. Qa2 Qd7 50. Qxa5 Rxb3 51. Qa8 Rb1 52. Ra2 Rb7 53. Rxh5
Rh6 54. Rxh6 Kxh6 55. Qh8+ Kg6 56. Rf2 Qg7 57. Qd8 Qe7 58. Qxe7 Rxe7 59. g4 Ra7
60. Kg3 Ra3 61. Rf3 Ra1 62. h5+ Kg7 63. Kg2 Rd1 64. Kf2 Rd2+ 1/2-1/2

[Event "Thüringenliga 2015/2016"]
[Site "?"]
[Date "2016.03.13"]
[Round "7"]
[White "Mehlhorn, Uwe"]
[Black "Schönfeld, Volker"]
[Result "1-0"]
[WhiteElo "2097"]
[BlackElo "1898"]
[PlyCount "85"]
[EventDate "2016.??.??"]
[WhiteTeam "Ilmenauer SV"]
[BlackTeam "VfL 1990 Gera"]

1. b4 e5 2. Bb2 Bxb4 3. Bxe5 Nf6 4. e3 O-O 5. Nf3 d5 6. Be2 c5 7. O-O Nc6 8.
Bb2 d4 9. c3 dxc3 10. dxc3 Ba5 11. Nbd2 Bf5 12. Qa4 a6 13. Rfd1 b5 14. Qh4 Bc2
15. Rdc1 Bd3 16. Bxd3 Qxd3 17. Nb3 c4 18. Nxa5 Nxa5 19. Rd1 Qc2 20. Rd2 Qa4 21.
Nd4 Rad8 22. Re2 Rfe8 23. e4 Nb7 24. Rf1 Nc5 25. e5 Nd5 26. Nf5 Ne6 27. g3 Qa5
28. Nd6 Nxc3 29. Rc2 Nd5 30. Nxe8 Rxe8 31. Qe4 Nb4 32. Bc3 Qa4 33. Bxb4 Qxb4
34. Rd1 h6 35. Qc6 Rd8 36. Rxd8+ Nxd8 37. Qe8+ Kh7 38. Kg2 Qb1 39. Rd2 c3 40.
Rxd8 c2 41. Qg8+ Kg6 42. Rd6+ f6 43. Rxf6+ 1-0

[Event "Thüringenliga 2015/2016"]
[Site "?"]
[Date "2016.03.13"]
[Round "7"]
[White "Huster, Mike"]
[Black "Sukaylo, Aleksey"]
[Result "0-1"]
[WhiteElo "1900"]
[BlackElo "2051"]
[PlyCount "92"]
[EventDate "2016.??.??"]
[WhiteTeam "VfL 1990 Gera"]
[BlackTeam "Ilmenauer SV"]

1. d4 Nf6 2. Nf3 e6 3. c4 d5 4. g3 Bb4+ 5. Bd2 Be7 6. Bg2 O-O 7. O-O dxc4 8.
Qc2 a6 9. a4 c5 10. dxc5 Bxc5 11. Qxc4 Qe7 12. Bg5 Nbd7 13. Nc3 h6 14. Bh4 g5
15. Nxg5 hxg5 16. Bxg5 Qd6 17. Qh4 Qe5 18. Rad1 Re8 19. Kh1 Nh7 20. Bf4 Qf6 21.
Qh3 Bf8 22. Be4 Qg7 23. Qg2 Nc5 24. Bc2 Bd7 25. e4 Bc6 26. f3 b5 27. e5 b4 28.
Ne2 b3 29. Bb1 Nxa4 30. Nd4 Bd5 31. h4 Bc4 32. Rf2 f6 33. exf6 Qxf6 34. Bxh7+
Kxh7 35. Bg5 Qg6 36. Nc6 Nb6 37. Ne5 Qg7 38. Ng4 Be7 39. Bh6 Qg6 40. Be3 Nd5
41. Bd4 Bd6 42. Re1 Rf8 43. Qh3 Rf5 44. Be5 Bc5 45. Rh2 Rxf3 46. h5 Qf7 0-1

[Event "Thüringenliga 2015/2016"]
[Site "?"]
[Date "2016.03.13"]
[Round "7"]
[White "Möller, Axel"]
[Black "Richter, Sven"]
[Result "1-0"]
[WhiteElo "2007"]
[BlackElo "1950"]
[PlyCount "46"]
[EventDate "2016.??.??"]
[WhiteTeam "Ilmenauer SV"]
[BlackTeam "VfL 1990 Gera"]

1. c4 c5 2. g3 Nf6 3. Bg2 Nc6 4. Nc3 g6 5. Nf3 Bg7 6. O-O O-O 7. b3 d6 8. Bb2
Bd7 9. Re1 Rb8 10. d3 a6 11. Qd2 b5 12. Nd5 e5 13. Nxf6+ Bxf6 14. h4 h5 15. e3
Qe7 16. Rf1 Bg7 17. Ng5 Nd8 18. f4 f5 19. Bd5+ Kh8 20. e4 Ne6 21. fxe5 Nxg5 22.
exd6 Qxd6 23. Qxg5 fxe4 1-0

[Event "Thüringenliga 2015/2016"]
[Site "?"]
[Date "2016.03.13"]
[Round "7"]
[White "Manicke, Hans-Joachim"]
[Black "Töpfer, Albrecht"]
[Result "0-1"]
[WhiteElo "1876"]
[BlackElo "1977"]
[PlyCount "108"]
[EventDate "2016.??.??"]
[WhiteTeam "VfL 1990 Gera"]
[BlackTeam "Ilmenauer SV"]

1. b4 e5 2. Bb2 Bxb4 3. Bxe5 Nf6 4. e3 O-O 5. Nf3 Be7 6. c4 d5 7. Be2 c5 8.
cxd5 Nxd5 9. O-O Nc6 10. Bb2 Bf6 11. Bxf6 Qxf6 12. Na3 b6 13. Qa4 Bb7 14. Qh4
Qxh4 15. Nxh4 Rfe8 16. Bc4 Rad8 17. Rfd1 a6 18. Nc2 b5 19. Be2 Nb6 20. Nf3 Na4
21. Bf1 Bc8 22. h3 Bf5 23. Nce1 c4 24. d4 Nb4 25. a3 Nd5 26. Ne5 Rc8 27. g4 Be6
28. e4 Ndc3 29. d5 Nxd1 30. Rxd1 f6 31. Nc6 Bd7 32. Bg2 Nc3 33. Rd2 Bxc6 34.
dxc6 Rxc6 35. Nc2 Rce6 36. f3 Kf8 37. Rd7 R6e7 38. Rd6 Re6 39. Rd7 R8e7 40.
Rd8+ Kf7 41. Nd4 Rb6 42. Nf5 Rc7 43. Rh8 Nb1 44. f4 Rd7 45. e5 fxe5 46. fxe5 c3
47. Be4 Nd2 48. Bc2 Nf3+ 49. Kf2 Nxe5 50. Ke3 Nc4+ 51. Kf4 h6 52. g5 hxg5+ 53.
Kxg5 Rg6+ 54. Kf4 Rg2 0-1

[Event "Thüringenliga 2015/2016"]
[Site "?"]
[Date "2016.03.13"]
[Round "7"]
[White "Rempel, Patrick"]
[Black "Kretzschmar, Bernd"]
[Result "1-0"]
[WhiteElo "2026"]
[BlackElo "1810"]
[PlyCount "97"]
[EventDate "2016.??.??"]
[WhiteTeam "Ilmenauer SV"]
[BlackTeam "VfL 1990 Gera"]

1. e4 g6 2. d4 Bg7 3. c4 d6 4. Nc3 c6 5. Be2 e5 6. Nf3 Nd7 7. Bg5 f6 8. Be3 Nh6
9. h3 Nf7 10. Qb3 O-O 11. Rd1 Qe7 12. O-O Kh8 13. Rfe1 Bh6 14. Bxh6 Nxh6 15.
Qa3 Re8 16. Rd2 Nf7 17. Red1 Nf8 18. b4 Ne6 19. Bf1 Kg7 20. d5 Nf4 21. dxc6
bxc6 22. Qa4 Be6 23. Kh2 g5 24. g3 Ng6 25. Ne1 h5 26. Nc2 g4 27. h4 f5 28. Ne3
Nxh4 29. gxh4 Qxh4+ 30. Kg1 Ng5 31. Bg2 f4 32. Nf5+ Bxf5 33. exf5 f3 34. Qxc6
fxg2 35. Qxg2 Nf3+ 36. Kf1 Nxd2+ 37. Rxd2 Qg5 38. Qb7+ Kh8 39. Rxd6 Rad8 40.
Ne4 Qc1+ 41. Kg2 h4 42. Rg6 h3+ 43. Kg3 Qf4+ 44. Kh4 Rg8 45. Ng5 g3+ 46. Kh5
Qxg5+ 47. Kxg5 g2 48. Kh6 Rxg6+ 49. fxg6 1-0

[Event "Thüringenliga 2015/2016"]
[Site "?"]
[Date "2016.03.13"]
[Round "7"]
[White "Fijalkowski, Jürgen"]
[Black "Falk, Kristoffer"]
[Result "1/2-1/2"]
[WhiteElo "1829"]
[BlackElo "1871"]
[PlyCount "72"]
[EventDate "2016.??.??"]
[WhiteTeam "VfL 1990 Gera"]
[BlackTeam "Ilmenauer SV"]

1. e4 c5 2. f4 e6 3. Nf3 d6 4. g3 g6 5. Bg2 Bg7 6. c3 Ne7 7. d3 O-O 8. O-O Nbc6
9. Na3 a6 10. Nc2 b5 11. Nh4 d5 12. Qe2 Rb8 13. Be3 d4 14. Bd2 dxc3 15. Bxc3
Nd4 16. Nxd4 Bxd4+ 17. Kh1 Bb7 18. Rad1 Qb6 19. Nf3 Bxc3 20. bxc3 b4 21. Ne5
Rbd8 22. Rb1 Nc6 23. Ng4 f5 24. exf5 exf5 25. Qe6+ Kg7 26. Ne5 Rf6 27. Qb3 Nxe5
28. fxe5 Re6 29. cxb4 cxb4 30. Qxb4 Bxg2+ 31. Kxg2 Qc6+ 32. Kg1 Rxd3 33. Rfc1
Qd7 34. Rc4 Rd1+ 35. Rxd1 Qxd1+ 36. Kf2 Qd7 1/2-1/2

[Event "Thüringenliga 2015/2016"]
[Site "?"]
[Date "2016.04.17"]
[Round "8"]
[White "Seidens, Gunter"]
[Black "Hoffmann, Tim"]
[Result "1/2-1/2"]
[WhiteElo "1826"]
[BlackElo "2063"]
[PlyCount "54"]
[EventDate "2016.??.??"]
[WhiteTeam "VfL 1990 Gera"]
[BlackTeam "ESV Gera"]

1. d4 Nf6 2. c4 e6 3. a3 b6 4. Nf3 Bb7 5. g3 c5 6. Bg2 cxd4 7. O-O Bxf3 8. exf3
Nc6 9. b4 Rc8 10. f4 Be7 11. Bb2 Qc7 12. Nd2 O-O 13. Nb3 d6 14. Rc1 e5 15. f5
h6 16. f4 Nd7 17. Rc2 a5 18. b5 Nd8 19. Bd5 Nf6 20. Bg2 Nb7 21. g4 Nh7 22. Bd5
Nc5 23. Rg2 Na4 24. Bc6 Nxb2 25. Rxb2 a4 26. Nd2 exf4 27. Nf3 d5 1/2-1/2